Statistiques concernant Gentilé de pays n°1

Cliquez ici pour prendre le quiz!

Statistiques générales

  • Ce quiz a été pris 190 fois
  • Le résultat moyen est 20 sur 20

Statistiques - réponses

PaysGentilés% Correct
EspagneEspagnol
100%
AlgérieAlgérien
99%
AustralieAustralien
99%
BelgiqueBelge
99%
BolivieBolivien
99%
BrésilBrésilien
99%
CanadaCanadien
99%
ChineChinois
99%
Congo(s)Congolais
99%
CoréeCoréen
99%
GrèceGrec
99%
ItalieItalien
99%
NorvègeNorvégien
99%
TurquieTurc
99%
EgypteEgyptien
98%
IndeIndien
98%
MarocMarocain
98%
MexiqueMexicain
98%
SénégalSénégalais
98%
ArgentineArgentin
97%

Distribution des résultats

Percentile par nombre de réponses

% des personnes avec chaque résultat

Votre développement - résultats

Vous n’avez pas pris ce quiz